[Event "Quebec-ch Senior"]
[Site "Montreal"]
[Date "2018.04.22"]
[Round "5.7"]
[White "Pincince, Jacques"]
[Black "Michaud, Luc"]
[Result "0-1"]
[WhiteElo "1506"]
[BlackElo "1714"]
[PlyCount "126"]
[EventDate "2018.04.20"]
[EventType "swiss"]
[EventRounds "5"]
[EventCountry "CAN"]
[SourceTitle "EXT 2022"]
[Source "ChessBase"]
[SourceDate "2021.10.06"]
[SourceVersion "1"]
[SourceVersionDate "2021.10.06"]
[SourceQuality "1"]

1. e4 e5 2. Bc4 Nf6 3. d3 Bc5 4. Nc3 d6 5. h3 h6 6. Nf3 Nc6 7. a3 a6 8. Bd2 0-0 9. Qc1 b5 10. Ba2 Ne7 11. Ne2 Bb6 12. Ng3 c5 13. Nh4 Bd7 14. f4 Kh7 15. f5 Neg8 16. Nf3 Rc8 17. Ne2 Qc7 18. g4 c4 19. g5 hxg5 20. Nxg5+ Kh8 21. Qd1 Qb7 22. Nc3 Bxf5 23. Rf1 Bg6 24. Qf3 Ne7 25. h4 Bh5 26. Qg3 Qd7 27. Nh3 Qg4 28. Qxg4 Bxg4 29. Nf2 Bh5 30. Ne2 Ng6 31. Ng3 Bd8 32. Bg5 Nf4 33. Nxh5 N4xh5 34. Nh1 cxd3 35. cxd3 Rc2 36. b4 Bb6 37. Bb1 Rh2 38. Ra2 Rxa2 39. Bxa2 Kg8 40. Bxf6 Nxf6 41. Ng3 Rd8 42. Nf5 Rd7 43. Kd2 g6 44. Ne3 Kg7 45. Rg1 Bxe3+ 46. Kxe3 Rc7 47. Kd2 Nh5 48. Bb3 Nf4 49. Bd1 Kh6 50. Rg3 f6 51. Rg1 Re7 52. Bb3 a5 53. Rc1 axb4 54. axb4 g5 55. hxg5+ fxg5 56. Rh1+ Kg6 57. Rh8 Rg7 58. Rd8 g4 59. Rxd6+ Kh5 60. Bd1 Kg5 61. Rd8 g3 62. Rf8 g2 63. Rf5+ Kh4 0-1

[Event "Quebec-ch Senior"]
[Site "Montreal"]
[Date "2016.04.24"]
[Round "4.11"]
[White "Pincince, Jacques"]
[Black "Nanescu, Marin"]
[Result "1/2-1/2"]
[WhiteElo "1416"]
[BlackElo "1433"]
[PlyCount "76"]
[EventDate "2016.04.22"]
[EventType "swiss"]
[EventRounds "5"]
[EventCountry "CAN"]
[SourceTitle "EXT 2022"]
[Source "ChessBase"]
[SourceDate "2021.10.06"]
[SourceVersion "1"]
[SourceVersionDate "2021.10.06"]
[SourceQuality "1"]

1. e4 Nc6 2. Nf3 e6 3. d4 a6 4. a3 Be7 5. Bd3 d6 6. Nc3 e5 7. Be3 exd4 8. Nxd4 Ne5 9. h3 Nf6 10. Be2 h6 11. Qd2 c6 12. f4 Ned7 13. Nf5 Rg8 14. Nxd6+ Bxd6 15. Qxd6 Qe7 16. Qd3 Nc5 17. Bxc5 Qxc5 18. 0-0-0 Bd7 19. Na4 Qe7 20. Nb6 Rd8 21. e5 Nd5 22. Nxd5 cxd5 23. Bf3 Bc6 24. Rhe1 g6 25. Qb3 Qe6 26. Bg4 Qe7 27. e6 f6 28. Bf3 Rd6 29. Bxd5 Bxd5 30. Rxd5 Rxe6 31. Red1 Re1 32. R5d3 Rxd1+ 33. Kxd1 Kf8 34. Qb6 Kg7 35. Qf2 Re8 36. Qd2 Qe4 37. Rd7+ Re7 38. Rd4 Qe6 1/2-1/2

[Event "Quebec-ch Senior"]
[Site "Montreal"]
[Date "2016.04.23"]
[Round "2.12"]
[White "Pincince, Jacques"]
[Black "Molloy, Francis"]
[Result "0-1"]
[WhiteElo "1416"]
[BlackElo "1533"]
[PlyCount "70"]
[EventDate "2016.04.22"]
[EventType "swiss"]
[EventRounds "5"]
[EventCountry "CAN"]
[SourceTitle "EXT 2022"]
[Source "ChessBase"]
[SourceDate "2021.10.06"]
[SourceVersion "1"]
[SourceVersionDate "2021.10.06"]
[SourceQuality "1"]

1. e4 c5 2. Nc3 d6 3. g3 Nc6 4. Bg2 g6 5. f4 Bg7 6. Nf3 e6 7. d3 Nge7 8. 0-0 b6 9. Ne2 Bb7 10. c3 0-0 11. Be3 d5 12. Nh4 dxe4 13. dxe4 Qc7 14. f5 exf5 15. exf5 Rad8 16. Qc1 Nd5 17. Bh6 Rfe8 18. Bxg7 Kxg7 19. Bxd5 Rxd5 20. f6+ Kh8 21. Qh6 Rg8 22. Nf4 Rd6 23. Nh3 Rd5 24. Ng5 Rxg5 25. Qxg5 Nd8 26. Rae1 Qc6 27. Nf3 Ne6 28. Qg4 Rd8 29. Re3 h6 30. Qh3 h5 31. Kf2 Bc8 32. Ne5 Rd2+ 33. Kg1 Ng5 34. Nxc6 Bxh3 35. Kh1 Bg2+ 0-1

[Event "Montreal Varennes U1500 op"]
[Site "Montreal"]
[Date "2011.11.04"]
[Round "1"]
[White "Pincince, Jacques"]
[Black "Plouffe, Michel"]
[Result "1-0"]
[WhiteElo "1410"]
[BlackElo "1104"]
[PlyCount "61"]
[EventDate "2011.11.04"]
[EventType "swiss"]
[EventRounds "5"]
[EventCountry "CAN"]
[SourceTitle "EXT 2022"]
[Source "ChessBase"]
[SourceDate "2021.10.06"]
[SourceVersion "1"]
[SourceVersionDate "2021.10.06"]
[SourceQuality "1"]

1. e4 e5 2. Bc4 Bc5 3. Nf3 d6 4. h3 Nf6 5. d3 0-0 6. 0-0 Nc6 7. Bg5 h6 8. Bh4 Nd4 9. Nbd2 Be6 10. Nxd4 Bxd4 11. c3 Bb6 12. Kh1 g5 13. Bg3 Qd7 14. Bxe6 Qxe6 15. Nf3 g4 16. hxg4 Nxg4 17. Nh4 h5 18. Nf5 f6 19. Qd2 Kf7 20. f3 Rh8 21. d4 Rh7 22. fxg4 hxg4+ 23. Bh4 Rah8 24. g3 exd4 25. cxd4 Qxe4+ 26. Kg1 Rh5 27. Rae1 Qd5 28. Ne3 Ba5 29. Rxf6+ Kg7 30. Qc2 Qxd4 31. Qg6# 1-0